Pokémon - Les attaques de Roigada - Statistiques

Statistiques générales
  • Ce quiz a été pris 16 fois
  • Le résultat moyen est 11 sur 20
Statistiques - réponses
Niveaux Types Noms des attaques % Correct
Niveau 12 Psy Choc Mental
100%
Niveau 36 Psy Psyko
100%
Départ Normal Charge
89%
Départ Normal Rugissement
89%
Départ Spectre Malédiction
78%
Départ Eau Pistolet à O
78%
Départ Roche Rayon Gemme
67%
Niveau 18 Eau Vibraqua
67%
Niveau 27 Psy Amnésie
56%
Niveau 42 Eau Danse Pluie
56%
Niveau 24 Psy Psykoud'Boul
56%
Niveau 9 Normal Bâillement
44%
Niveau 15 Normal Entrave
33%
Départ Ténèbres Machination
33%
Niveau 30 Eau Surf
33%
Niveau 21 Normal Coup d'Boule
22%
Niveau 33 Normal Paresse
22%
Niveau 45 Psy Vibra Soin
22%
Niveau 39 Normal Boost
11%
Départ Normal Vantardise
0%
Aucun quiz correspondant
Distribution des résultats
% des personnes avec chaque résultat
Percentile par nombre de réponses
Votre historique - résultats
Vous n’avez pas pris ce quiz